Gaming Quiz

Random Gaming Quiz

Grandia II Magic Quiz Stats

 Plays Quiz not verified by Sporcle

Challenge
Share
Tweet
Embed
Score 0/40 Timer 14:00
0 Plays Today
Element Magic Name % Correct
ExplosionBOOM!
95.5%
FireBurn
94%
LightningZap
92.5%
WaterHeal
91%
WaterHealer
89.6%
ExplosionBA-BOOM!
86.6%
WindHowl
85.1%
EarthDiggin'
85.1%
LightningDragonZap
85.1%
ExplosionWOW!
82.1%
LightningZap All
80.6%
LightningGadZap
80.6%
EarthQuake
80.6%
Ice/BlizzardCrackle
79.1%
Ice/BlizzardFreeze!
76.1%
FireBurnflame
74.6%
WaterAlhealer
74.6%
WaterHealer+
74.6%
WindHowlnado
74.6%
EarthTremor
74.6%
Element Magic Name % Correct
ForestCure
73.1%
FireBurnstrike
73.1%
Ice/BlizzardCold
71.6%
WindHowlslash
71.6%
LightningStram
70.1%
ForestHalvah
70.1%
WindRunner
67.2%
Ice/BlizzardCrackling
67.2%
WaterSnooze
64.2%
WaterResurrect
61.2%
FireHellburner
59.7%
EarthDef-Loss
58.2%
ForestSpeedy
58.2%
ForestPoizn
56.7%
Ice/BlizzardFiora
53.7%
ExplosionMeteor Strike
46.3%
Ice/BlizzardShhh!
40.3%
ForestRefresh
37.3%
EarthGravity
34.3%
ForestCraze
32.8%

You're not logged in!

Compare scores with friends on all Sporcle quizzes.
OR
Log In

You Might Also Like...

Show Comments

Extras

Created Mar 27, 2011ReportNominate
Tags:magic

Top Quizzes Today


Score Distribution

Your Account Isn't Verified!

In order to create a playlist on Sporcle, you need to verify the email address you used during registration. Go to your Sporcle Settings to finish the process.

Report this User

Report this user for behavior that violates our Community Guidelines.

Details: